[Event "AUT-ch"]
[Site "Pinkafeld"]
[Date "2015.07.29"]
[Round "5"]
[White "Rohringer, Georg"]
[Black "Wersching, Alfred"]
[Result "0-1"]
[WhiteElo "2096"]
[BlackElo "2016"]
[PlyCount "72"]
[EventDate "2015.07.25"]
[EventType "swiss"]
[EventRounds "9"]
[EventCountry "AUT"]
[SourceTitle "CBM 167 Extra"]
[Source "ChessBase"]
[SourceDate "2015.09.14"]
[SourceVersion "1"]
[SourceVersionDate "2015.09.14"]
[SourceQuality "1"]

1. e4 Nf6 2. e5 Nd5 3. d4 d6 4. c4 Nb6 5. exd6 cxd6 6. Nc3 g6 7. b3 Bg7 8. Be3 0-0 9. Rc1 Nc6 10. Nf3 Bg4 11. Be2 d5 12. c5 Nc8 13. 0-0 Bxf3 14. Bxf3 e6 15. Qd2 N8e7 16. Ne2 a5 17. Bh6 Bxh6 18. Qxh6 Nf5 19. Qd2 Qf6 20. Rfd1 h5 21. Rc3 Rfb8 22. g3 b6 23. cxb6 Rxb6 24. Bg2 a4 25. Bh3 Nd6 26. Bg2 axb3 27. axb3 Rab8 28. Rf3 Nf5 29. Bh3 Rxb3 30. Rxb3 Rxb3 31. Qc2 Rb6 32. Qc5 Rb2 33. Bxf5 Qxf5 34. Qxc6 Rxe2 35. Rf1 Qd3 36. Qb6 Kg7 0-1

[Event "Lienz op-A 18th"]
[Site "Lienz"]
[Date "2015.02.09"]
[Round "4"]
[White "Rohringer, Georg"]
[Black "Natter, Markus"]
[Result "1/2-1/2"]
[WhiteElo "2128"]
[BlackElo "2011"]
[PlyCount "137"]
[EventDate "2015.02.07"]
[EventType "swiss"]
[EventRounds "9"]
[EventCountry "AUT"]
[SourceTitle "CBM 164 Extra"]
[Source "ChessBase"]
[SourceDate "2015.03.02"]
[SourceVersion "1"]
[SourceVersionDate "2015.03.02"]
[SourceQuality "1"]

1. e4 d5 2. exd5 Qxd5 3. Nc3 Qd6 4. d4 Nf6 5. Nf3 c6 6. Bc4 Bg4 7. h3 Bxf3 8. Qxf3 Qxd4 9. Bb3 e6 10. Be3 Qd8 11. Rd1 Nbd7 12. 0-0 Be7 13. Rd2 0-0 14. Rfd1 h6 15. Ne4 Qc7 16. c4 Rad8 17. Bd4 Nxe4 18. Qxe4 Nf6 19. Qe3 c5 20. Be5 Qc6 21. Bc2 Rxd2 22. Rxd2 Rd8 23. Rxd8+ Bxd8 24. Qd3 Qd7 25. Qxd7 Nxd7 26. Bd6 b6 27. Ba4 Nf6 28. Bc6 g5 29. g4 h5 30. f3 Kh7 31. Kf2 hxg4 32. hxg4 Kg6 33. Ke3 Ng8 34. Be8 Kg7 35. Bd7 Nf6 36. Bc6 Nh7 37. Bd7 Nf8 38. Bc8 Ng6 39. Ke4 Kf6 40. a4 a5 41. Bd7 Nh4 42. Bc6 Ng2 43. Bd7 Ne1 44. Bc6 Nc2 45. Be5+ Ke7 46. b3 Nb4 47. Bb5 f6 48. Bc3 Na2 49. Bd2 Bc7 50. Bc6 Be5 51. Kd3 Kd6 52. Be4 Bd4 53. Kc2 Ke5 54. Kb1 Bc3 55. Kxa2 Bxd2 56. Kb2 f5 57. gxf5 exf5 58. Bc6 Kf4 59. Kc2 Ke3 60. Bd7 Bb4 61. Bxf5 Kxf3 62. Bg6 g4 63. Bh5 Kf4 64. Kd3 g3 65. Ke2 Ke4 66. Kf1 Kd3 67. Be8 Kc3 68. Bb5 Kxb3 69. Kg2 1/2-1/2

[Event "Vienna Husek op-A"]
[Site "Vienna"]
[Date "2012.08.17"]
[Round "5"]
[White "Villegas, Pierre"]
[Black "Rohringer, Georg"]
[Result "1/2-1/2"]
[WhiteElo "2249"]
[BlackElo "2115"]
[PlyCount "156"]
[EventDate "2012.08.13"]
[EventType "swiss"]
[EventRounds "7"]
[EventCountry "AUT"]
[SourceTitle "CBM 149 Extra"]
[Source "ChessBase"]
[SourceDate "2012.08.24"]
[SourceVersion "1"]
[SourceVersionDate "2012.08.24"]
[SourceQuality "1"]

1. d4 d5 2. Bf4 Nf6 3. e3 e6 4. Nf3 Bd6 5. Bg3 0-0 6. Bd3 c6 7. Nbd2 Qc7 8. Ne5 Nbd7 9. f4 Re8 10. 0-0 Nf8 11. Bh4 Be7 12. Qe1 N6d7 13. Bxe7 Rxe7 14. c3 f6 15. Nxd7 Bxd7 16. e4 Be8 17. e5 Bg6 18. Qg3 fxe5 19. fxe5 Bxd3 20. Qxd3 Rf7 21. b4 Rxf1+ 22. Rxf1 Ng6 23. Nb3 b6 24. c4 Rd8 25. a4 dxc4 26. Qxc4 Qd7 27. Rc1 Ne7 28. h3 Nf5 29. Kh1 Qd5 30. Qxd5 Rxd5 31. Rd1 h5 32. Kg1 c5 33. bxc5 bxc5 34. Nxc5 Nxd4 35. Kf2 Rxc5 36. Rxd4 Rxe5 37. h4 Ra5 38. g4 hxg4 39. Rxg4 Kf7 40. Ke3 g6 41. Rf4+ Ke7 42. Rg4 Kf6 43. Rf4+ Kg7 44. Re4 e5 45. Rb4 Kf6 46. Rc4 Kf5 47. Rb4 Rc5 48. Rb7 Rc3+ 49. Kd2 Rh3 50. a5 Rxh4 51. a6 Ra4 52. Rxa7 Ke4 53. Ra8 g5 54. a7 Ra3 55. Ke2 Ra2+ 56. Kf1 g4 57. Kg1 g3 58. Kf1 Rf2+ 59. Kg1 Rf7 60. Kg2 Kf4 61. Rg8 Rxa7 62. Rf8+ Ke3 63. Rf3+ Ke2 64. Rb3 Rg7 65. Rb2+ Ke3 66. Rb3+ Kf4 67. Rf3+ Ke4 68. Rb3 Kd5 69. Rd3+ Ke6 70. Ra3 Kd5 71. Ra5+ Ke4 72. Ra4+ Kf5 73. Ra3 e4 74. Rxg3 Ra7 75. Rb3 Kf4 76. Kf1 Ra2 77. Ke1 Rh2 78. Ra3 Rb2 1/2-1/2

[Event "Vienna Husek op-A"]
[Site "Vienna"]
[Date "2012.08.15"]
[Round "3"]
[White "Borsos, Bogdan"]
[Black "Rohringer, Georg"]
[Result "0-1"]
[WhiteElo "2270"]
[BlackElo "2115"]
[PlyCount "84"]
[EventDate "2012.08.13"]
[EventType "swiss"]
[EventRounds "7"]
[EventCountry "AUT"]
[SourceTitle "CBM 149 Extra"]
[Source "ChessBase"]
[SourceDate "2012.08.24"]
[SourceVersion "1"]
[SourceVersionDate "2012.08.24"]
[SourceQuality "1"]

1. Nf3 d5 2. c4 e6 3. g3 Nf6 4. Bg2 Be7 5. 0-0 0-0 6. d4 dxc4 7. Ne5 Nc6 8. Bxc6 bxc6 9. Qa4 c5 10. Nc6 Qe8 11. Nxe7+ Qxe7 12. dxc5 Qxc5 13. Na3 Qh5 14. f3 Qc5+ 15. Kg2 c3 16. b3 Rd8 17. Nc2 Bd7 18. Qa3 Qh5 19. Qb4 e5 20. g4 Nxg4 21. fxg4 Bxg4 22. Qxc3 Bxe2 23. Ne3 Bxf1+ 24. Nxf1 Qe2+ 25. Kg1 Rd1 26. Qh3 Rad8 27. Bg5 Rxa1 28. Bxd8 Rxf1+ 29. Qxf1 Qg4+ 30. Qg2 Qd4+ 31. Qf2 Qxd8 32. Qxa7 g6 33. b4 Qd1+ 34. Kg2 Qd2+ 35. Kf3 Qxb4 36. a4 Qc3+ 37. Ke4 Qe1+ 38. Kd5 Qh1+ 39. Kxe5 Qxh2+ 40. Kd5 Qd6+ 41. Kc4 Qc6+ 42. Kb4 Qb6+ 0-1

[Event "Lienz op"]
[Site "Lienz"]
[Date "2007.02.13"]
[Round "5"]
[White "Kroell, Johannes"]
[Black "Rohringer, Georg"]
[Result "1-0"]
[WhiteElo "2130"]
[BlackElo "2052"]
[PlyCount "139"]
[EventDate "2007.02.10"]
[EventType "swiss"]
[EventRounds "9"]
[EventCountry "AUT"]
[SourceTitle "EXT 2008"]
[Source "ChessBase"]
[SourceDate "2007.11.25"]
[SourceVersion "1"]
[SourceVersionDate "2007.11.25"]
[SourceQuality "1"]

1. Nc3 d5 2. e4 d4 3. Nce2 e5 4. Ng3 Be6 5. Nf3 f6 6. c3 d3 7. Nxe5 fxe5 8. Qh5+ Bf7 9. Qxe5+ Ne7 10. Qb5+ Nbc6 11. Qxd3 Qxd3 12. Bxd3 0-0-0 13. Bc2 Ng6 14. d3 Bd6 15. Ne2 Be6 16. d4 Bc4 17. g3 h5 18. f4 Be7 19. f5 Nf8 20. Rf1 Nh7 21. b3 Ba6 22. Bf4 Bf6 23. Be3 Rhe8 24. Rd1 Bg5 25. Rf3 Bxe3 26. Rxe3 Nf6 27. e5 Ng4 28. Re4 Nxh2 29. Nf4 Nf3+ 30. Kf2 Nfxe5 31. dxe5 Nxe5 32. Rxd8+ Kxd8 33. Ne6+ Rxe6 34. fxe6 Ng4+ 35. Kf3 Ke7 36. Kf4 Nf6 37. Re5 b6 38. Bg6 Bb7 39. c4 Bc8 40. Bf7 c5 41. Kg5 Bb7 42. Bxh5 Ne4+ 43. Kf4 g5+ 44. Kf5 Nxg3+ 45. Kxg5 Nxh5 46. Kxh5 Bc8 47. Kg6 Bxe6 48. Kg7 Kd6 49. Kf6 Bd7 50. Rd5+ Kc7 51. Ke7 Bc6 52. Rg5 a5 53. a3 Bf3 54. Rg3 Be4 55. Ke6 Bh1 56. Ke5 Kb8 57. Rg7 Bf3 58. Kd6 Be4 59. Re7 Bf3 60. Re3 Bg2 61. b4 cxb4 62. axb4 axb4 63. Rb3 Bf1 64. Rxb4 Kb7 65. c5 b5 66. Rg4 Bh3 67. Rg7+ Ka6 68. c6 Ka5 69. Kc5 Ka6 70. Rg3 1-0